000 00567nam a2200217 a 4500
999 _c4521
_d4521
001 4521
003 BD-JhCC
005 20171128105833.0
008 171128s1963 en a|||| || | 000 0 eng d
035 _a(BD-JhCC)4521
040 _aBD-JhCC
_dBD-JhCC
041 _aeng
082 _a915
_bQUR 1963
100 _aQurashi, Hellen S.
245 _aA Junior Geography of Pakistan /
_c Hellen S. Qurashi,
260 _aLondon :
_bOxford University Press.
300 _a198 p. :
_bill. ;
_c18 cm.
650 _aGeography of pakistan
942 _2ddc
_cBK